00301pab a2200121 454500008004000000100001600040245005000056260000900106300001500115362000800130650001500138773002600153180718b2011 xxu||||| |||| 00| 0 eng d aGopalan, V. aGovernment accounting and financial reporting c2011 ap.890-891. aOct aAccounting aManagement Accountant